[Event "CAN-ch"]
[Site "Edmonton CAN"]
[Date "1985.07.20"]
[Round "8"]
[White "Fullbrook, Nigel"]
[Black "Ross, Dave"]
[Result "1/2-1/2"]
[WhiteElo "2255"]
[BlackElo "2285"]
[PlyCount "143"]
[GameId "2160767912717994"]
[EventDate "1985.07.13"]
[EventType "tourn"]
[EventRounds "9"]
[EventCountry "CAN"]
[EventCategory "3"]
[SourceTitle "EXT 2025"]
[Source "ChessBase"]
[SourceDate "2024.10.14"]
[SourceVersion "1"]
[SourceVersionDate "2024.10.14"]
[SourceQuality "1"]

1. e4 c6 2. d4 d5 3. e5 Bf5 4. Nc3 e6 5. g4 Bg6 6. Nge2 c5 7. Be3 cxd4 8. Nxd4 Bb4 9. f4 Be4 10. Bb5+ Nd7 11. O-O Bxc3 12. bxc3 a6 13. Bxd7+ Qxd7 14. f5 Ne7 15. fxe6 fxe6 16. Rb1 Rc8 17. Rb6 Nc6 18. Qb1 Nxd4 19. Bxd4 Rf8 20. Rxb7 Rxf1+ 21. Kxf1 Rc7 22. Rb8+ Rc8 23. Rxc8+ Qxc8 24. Kf2 Kf7 25. Qb6 Kg6 26. Qd6 h6 27. h4 Kh7 28. Kg3 Qc4 29. Qf8 Qxa2 30. Qf2 Qc4 31. g5 h5 32. Kf4 Kg6 33. Ke3 Bf5 34. Kd2 Qa2 35. Ke3 a5 36. Qe2 Qb1 37. Kf4 a4 38. Bc5 Qh1 39. Bf2 Qg2 40. Qf3 Qxf3+ 41. Kxf3 a3 42. c4 a2 43. Bd4 dxc4 44. Ba1 Bxc2 45. Kf4 Kf7 46. Ke3 Bd3 47. Bc3 Ke7 48. Kd4 Kd7 49. Kc5 Kc7 50. Ba1 Kb7 51. Bc3 Ka6 52. Kc6 Bf1 53. Kc5 Be2 54. Kc6 Bf3+ 55. Kc5 Bd5 56. Kb4 Kb6 57. Ka3 Be4 58. Kxa2 Kc5 59. Ka3 Bc2 60. Bb2 g6 61. Bc3 Bb3 62. Ba1 Kd5 63. Kb4 Ke4 64. Bc3 Kd3 65. Ba1 Bd1 66. Bc3 Bf3 67. Ba1 Bd5 68. Bc3 Ke3 69. Kc5 Ke4 70. Kb4 Ke3 71. Ka3 Kf4 72. Kb4 1/2-1/2

[Event "RA Winter op"]
[Site "Ottawa CAN"]
[Date "1985.03.10"]
[Round "3"]
[White "Ross, Dave"]
[Black "Veltmann, Martin"]
[Result "1/2-1/2"]
[WhiteElo "2318"]
[BlackElo "2064"]
[PlyCount "98"]
[GameId "2160767912714421"]
[EventDate "1985.01.12"]
[EventType "swiss"]
[EventRounds "5"]
[EventCountry "CAN"]

1. d4 Nf6 2. c4 d6 3. Nc3 Nbd7 4. g3 g6 5. Bg2 Bg7 6. Nf3 O-O 7. O-O e5 8. e4 c6 9. h3 exd4 10. Nxd4 Re8 11. Re1 a5 12. Qc2 Nc5 13. Be3 Qc7 14. Rad1 Bd7 15. Nb3 Ne6 16. Nc1 Re7 17. f4 Rae8 18. Bf2 Bc8 19. Nd3 Nd7 20. Qd2 Ndc5 21. Nxc5 dxc5 22. e5 Rd7 23. Qc1 Nd4 24. Ne4 b6 25. Bxd4 Rxd4 26. Rxd4 cxd4 27. c5 Rd8 28. Nd6 Be6 29. a3 bxc5 30. Qxc5 Bf8 31. Qxd4 Bxd6 32. exd6 Qxd6 33. Qxd6 Rxd6 34. Kf2 Bc4 35. Re8+ Kg7 36. Ke1 Bb5 37. Re3 a4 38. Bf3 Kf6 39. Rc3 h5 40. h4 Ke7 41. Bd1 f6 42. f5 gxf5 43. Bxh5 Ke6 44. Bf3 f4 45. g4 Ke5 46. h5 Kd4 47. Kf2 c5 48. Be2 Bxe2 49. Kxe2 Rb6 1/2-1/2

[Event "Toronto int."]
[Site "Toronto CAN"]
[Date "1984.07.22"]
[Round "2"]
[White "Ross, Dave"]
[Black "Burger, Wes"]
[Result "1/2-1/2"]
[WhiteElo "2234"]
[BlackElo "2300"]
[PlyCount "76"]
[GameId "2160767912715035"]
[EventDate "1984.07.21"]
[EventType "swiss"]
[EventRounds "10"]
[EventCountry "CAN"]
[SourceTitle "EXT 2022"]
[Source "ChessBase"]
[SourceDate "2021.10.06"]
[SourceVersion "1"]
[SourceVersionDate "2021.10.06"]
[SourceQuality "1"]

1. e4 e6 2. d4 d5 3. Nd2 f5 4. exf5 exf5 5. Bd3 Nf6 6. Ne2 Bd6 7. Nf3 O-O 8. O-O Ne4 9. c4 dxc4 10. Bxc4+ Kh8 11. Bf4 Nd7 12. Rc1 Qf6 13. h4 Nb6 14. g3 Nxc4 15. Rxc4 Be6 16. Rc1 Bd5 17. Bxd6 Qxd6 18. Nf4 c6 19. b3 Rad8 20. Re1 Qh6 21. Ne5 g5 22. hxg5 Nxg5 23. Qh5 Qxh5 24. Nxh5 Bf3 25. Nf4 Rxd4 26. Re3 Be4 27. f3 Bd5 28. Rc2 Rd1+ 29. Kf2 Rf6 30. Ke2 Rh1 31. Nxd5 Rd6 32. Nb4 Rh2+ 33. Ke1 Rh1+ 34. Ke2 Rh2+ 35. Ke1 Rh1+ 36. Kf2 Nh3+ 37. Ke2 Ng1+ 38. Kf1 Nh3+ 1/2-1/2

[Event "Toronto int."]
[Site "Toronto CAN"]
[Date "1984.07.24"]
[Round "5"]
[White "Farago, Ivan"]
[Black "Ross, Dave"]
[Result "1/2-1/2"]
[WhiteElo "2525"]
[BlackElo "2198"]
[PlyCount "126"]
[GameId "2160767912715065"]
[EventDate "1984.07.21"]
[EventType "swiss"]
[EventRounds "10"]
[EventCountry "CAN"]
[SourceTitle "EXT 2022"]
[Source "ChessBase"]
[SourceDate "2021.10.06"]
[SourceVersion "1"]
[SourceVersionDate "2021.10.06"]
[SourceQuality "1"]

1. d4 Nf6 2. c4 e6 3. Nf3 c5 4. d5 exd5 5. cxd5 d6 6. Nc3 g6 7. Nd2 Bg7 8. e4 O-O 9. Be2 Re8 10. O-O Nbd7 11. a4 Ne5 12. Ndb1 a6 13. f4 Ned7 14. Nd2 Rb8 15. Kh1 Qc7 16. Ra3 c4 17. Bxc4 Nc5 18. Re1 Ng4 19. Qf3 Nxa4 20. Nxa4 b5 21. h3 Nh6 22. Be2 bxa4 23. Rxa4 f5 24. e5 dxe5 25. fxe5 Rxe5 26. Nf1 Qd7 27. Rh4 Nf7 28. Ne3 Bb7 29. Rd4 Rbe8 30. Rdd1 Ng5 31. Qf4 Bf6 32. Rf1 Re4 33. Qf2 h5 34. Bd3 R4e7 35. Qg3 Rg7 36. Nc4 h4 37. Qxh4 Qxd5 38. Ne3 Qc6 39. Nd5 Bd8 40. Bxg5 Bxg5 41. Qxg5 Qxd5 42. Bxa6 Qe6 43. Bxb7 Rxb7 44. Rf2 Kg7 45. Rfd2 Ree7 46. Rd6 Qf7 47. b4 Re6 48. Qh4 Re4 49. Qd8 Rbe7 50. b5 f4 51. R6d3 Qf5 52. Rd7 Rxd7 53. Rxd7+ Kh6 54. h4 Qe5 55. Qf8+ Kh5 56. Rh7+ Kg4 57. Qc8+ Qf5 58. Qxf5+ gxf5 59. h5 Kg5 60. h6 Rb4 61. Rf7 Kxh6 62. Rxf5 Kg6 63. Rc5 Rb2 1/2-1/2

[Event "Toronto int."]
[Site "Toronto CAN"]
[Date "1984.07.26"]
[Round "7"]
[White "Ginsburg, Mark"]
[Black "Ross, Dave"]
[Result "1-0"]
[WhiteElo "2442"]
[BlackElo "2198"]
[PlyCount "51"]
[GameId "2160767912780630"]
[EventDate "1984.07.21"]
[EventType "swiss"]
[EventRounds "10"]
[EventCountry "CAN"]
[SourceTitle "EXT 2022"]
[Source "ChessBase"]
[SourceDate "2021.10.06"]
[SourceVersion "1"]
[SourceVersionDate "2021.10.06"]
[SourceQuality "1"]

1. d4 Nf6 2. Nf3 e6 3. c4 c5 4. d5 exd5 5. cxd5 d6 6. Nc3 g6 7. Bf4 a6 8. e4 Bg7 9. Qa4+ Bd7 10. Qb3 Qc7 11. e5 Nh5 12. exd6 Qa5 13. Bd2 Qb4 14. Be2 O-O 15. O-O Re8 16. Rfe1 a5 17. Qc2 c4 18. a3 Qxd6 19. Bxc4 Na6 20. Ne4 Qc7 21. d6 Qc8 22. Bxf7+ Kh8 23. Qxc8 Rexc8 24. Bc3 Nf4 25. Ne5 Bb5 26. Ba2 1-0

[Event "Toronto int."]
[Site "Toronto CAN"]
[Date "1984.07.29"]
[Round "10"]
[White "Ross, Dave"]
[Black "Boyd, Stephen"]
[Result "1-0"]
[WhiteElo "2198"]
[BlackElo "2244"]
[PlyCount "71"]
[GameId "2160767912780677"]
[EventDate "1984.07.21"]
[EventType "swiss"]
[EventRounds "10"]
[EventCountry "CAN"]
[SourceTitle "EXT 2022"]
[Source "ChessBase"]
[SourceDate "2021.10.06"]
[SourceVersion "1"]
[SourceVersionDate "2021.10.06"]
[SourceQuality "1"]

1. c4 g6 2. Nc3 Bg7 3. g3 e5 4. Bg2 Nc6 5. d3 d6 6. e3 Nf6 7. Nge2 O-O 8. O-O Be6 9. Nd5 Qd7 10. Nec3 Nh5 11. Qa4 g5 12. a3 f5 13. f4 gxf4 14. gxf4 Kh8 15. Bd2 Rg8 16. Kh1 Qf7 17. Ne2 a6 18. Qc2 Rab8 19. Bf3 Nf6 20. Nec3 Nd8 21. Nxf6 Qxf6 22. Rg1 Nf7 23. Raf1 b5 24. cxb5 axb5 25. Nd5 Bxd5 26. Bxd5 c5 27. Qd1 Rgf8 28. Qh5 Nh6 29. Rg2 Ng8 30. fxe5 dxe5 31. e4 Ne7 32. Rfg1 Rg8 33. Bxg8 Rxg8 34. Bg5 Qe6 35. Bxe7 Qxe7 36. Qxf5 1-0

[Event "Alberta op"]
[Site "Edmonton CAN"]
[Date "1983.10.09"]
[Round "4"]
[White "Ross, Dave"]
[Black "Greban, Jan"]
[Result "1/2-1/2"]
[WhiteElo "2180"]
[BlackElo "2307"]
[PlyCount "62"]
[GameId "2160767912801980"]
[EventDate "1983.10.08"]
[EventType "swiss"]
[EventRounds "6"]
[EventCountry "CAN"]
[SourceTitle "CFC 1983.11"]

1. e4 e5 2. Nf3 Nc6 3. Bb5 a6 4. Ba4 Nf6 5. O-O Be7 6. Bxc6 dxc6 7. d3 Nd7 8. Nbd2 O-O 9. Nc4 f6 10. Nh4 Nc5 11. Nf5 Bxf5 12. exf5 Qd7 13. Qf3 a5 14. Re1 b5 15. Nd2 Kh8 16. Ne4 Rg8 17. Nxc5 Bxc5 18. Re4 g6 19. fxg6 Rxg6 20. Be3 Bxe3 21. Qxe3 Rag8 22. g3 Qh3 23. Qf3 Rh6 24. Qg2 Rg5 25. Qxh3 Rxh3 26. f3 Rgh5 27. Re2 f5 28. Rae1 Kg8 29. Rxe5 Rxh2 30. Re8+ Kf7 31. R8e7+ Kf8 1/2-1/2

[Event "Labour Day op"]
[Site "Toronto CAN"]
[Date "1983.09.05"]
[Round "6"]
[White "Ross, Dave"]
[Black "Pacey, Kevin"]
[Result "1-0"]
[WhiteElo "2248"]
[BlackElo "2041"]
[PlyCount "80"]
[GameId "2160767740616982"]
[EventDate "1983.09.03"]
[EventType "swiss"]
[EventRounds "6"]
[EventCountry "CAN"]

1. e4 e5 2. Nf3 Nc6 3. Bb5 a6 4. Ba4 Nf6 5. O-O Be7 6. Re1 b5 7. Bb3 O-O 8. d4 Nxd4 9. Nxd4 exd4 10. e5 Ne8 11. c3 dxc3 12. Nxc3 d6 13. Qf3 Be6 14. Nd5 Rc8 15. Bf4 Bg5 16. exd6 Nxd6 17. Be5 Bxd5 18. Bxd5 Bf6 19. Bg3 Bxb2 20. Rab1 Bd4 21. Qg4 c5 22. Rbd1 Qf6 23. h3 Nf5 24. Bf4 g6 25. Bg5 Qb6 26. Qf4 Qc7 27. Qf3 Rce8 28. g4 Ng7 29. Bc6 Re6 30. Bd5 Rxe1+ 31. Rxe1 Re8 32. Rd1 Ne6 33. Bh6 Qe5 34. Rd2 Nd8 35. h4 Qf6 36. Qg3 Re1+ 37. Kg2 Qe5 38. Qf3 Ne6 39. Bb7 Qd6 40. Bc8 Qe7 {time} 1-0

[Event "Eastern Ontario op"]
[Site "Ottawa CAN"]
[Date "1983.08.28"]
[Round "4"]
[White "Veltmann, Martin"]
[Black "Ross, Dave"]
[Result "0-1"]
[WhiteElo "1949"]
[BlackElo "2248"]
[PlyCount "178"]
[GameId "2160767912810245"]
[EventDate "1983.08.26"]
[EventType "swiss"]
[EventRounds "6"]
[EventCountry "CAN"]

1. c4 Nf6 2. Nc3 c5 3. Nf3 e6 4. d4 cxd4 5. Nxd4 Bb4 6. Bd2 Nc6 7. Nc2 Be7 8. e4 O-O 9. Be3 Qa5 10. Bd3 Ne5 11. O-O Nxd3 12. Qxd3 b6 13. a3 Bb7 14. f3 d5 15. b4 dxc4 16. Qxc4 Qe5 17. Bd4 Qb8 18. Rfd1 Rc8 19. Qb3 Qc7 20. Rd3 Nh5 21. g3 a6 22. Rad1 b5 23. Bf2 Nf6 24. Nd4 Qe5 25. a4 Rc4 26. axb5 Rxb4 27. f4 Qc7 28. Nxe6 Qa5 29. Qa2 Qxa2 30. Nxa2 Rc4 31. Nc5 Rxc5 32. Bxc5 Bxc5+ 33. Kf1 h5 34. Rd8+ Rxd8 35. Rxd8+ Kh7 36. Rb8 Bxe4 37. Nc3 Bd3+ 38. Kg2 axb5 39. Nxb5 Be4+ 40. Kf1 Kg6 41. Nc3 Bf5 42. h4 Ne4 43. Nxe4 Bxe4 44. Re8 Bf5 45. Kg2 Be6 46. Rd8 Be7 47. Rd3 Kf5 48. Rc3 Kg4 49. Kh2 Kf5 50. Kg2 Ke4 51. Kh2 Bf6 52. Ra3 Bd4 53. Ra4 Bg4 54. Rb4 Kf5 55. Rb7 Kg6 56. Rb5 Bf6 57. Ra5 Be6 58. Rb5 Kh6 59. Ra5 g6 60. Rb5 Kg7 61. Ra5 Be7 62. Rb5 Kf6 63. Ra5 Bb4 64. Rb5 Bc3 65. Rc5 Bd4 66. Rb5 Ke7 67. Ra5 Kd6 68. Rb5 Bc5 69. Ra5 Kd5 70. Ra4 Bd4 71. Ra3 Ke4 72. Ra4 Ke3 73. Ra3+ Kf2 74. Rd3 Be3 75. Ra3 Bc5 76. Ra5 Bb4 77. Ra4 Be1 78. Ra1 Ke2 79. Ra3 Bf2 80. Rc3 Bd4 81. Ra3 Kf1 82. Rf3+ Bf2 83. Rd3 Bf5 84. Rd1+ Ke2 85. Ra1 Kf3 86. Ra3+ Kg4 87. Kg2 Bc5 88. Ra2 Be4+ 89. Kh2 Kf3 0-1

[Event "CAN-op"]
[Site "Toronto CAN"]
[Date "1983.07.10"]
[Round "2"]
[White "Ross, Dave"]
[Black "Wilder, Michael"]
[Result "0-1"]
[WhiteElo "2248"]
[BlackElo "2505"]
[PlyCount "86"]
[GameId "2160767912810334"]
[EventDate "1983.07.09"]
[EventType "swiss"]
[EventRounds "10"]
[EventCountry "CAN"]
[SourceTitle "EXT 2022"]
[Source "ChessBase"]
[SourceDate "2021.10.06"]
[SourceVersion "1"]
[SourceVersionDate "2021.10.06"]
[SourceQuality "1"]

1. e4 e6 2. d4 d5 3. Nd2 c5 4. exd5 exd5 5. Ngf3 Nf6 6. Bb5+ Bd7 7. Qe2+ Be7 8. dxc5 O-O 9. Nb3 Re8 10. Be3 Nc6 11. O-O-O a5 12. Bxc6 bxc6 13. a4 Qb8 14. Ne1 Ng4 15. Nd3 Bg5 16. Kb1 Re4 17. Rde1 Bf6 18. Qd2 Nxe3 19. Rxe3 Rxa4 20. f4 Bf5 21. Rhe1 Re4 22. Ne5 Bxe5 23. fxe5 Rb4 24. Nd4 Rxb2+ 25. Ka1 Be4 26. Nxc6 Qb7 27. Nd4 Rb4 28. Rb3 Qc7 29. c6 Qxe5 30. Rxb4 axb4+ 31. Kb2 b3 32. cxb3 Qe7 33. b4 Qa7 34. Kb3 Qa6 35. Kc3 Qa3+ 36. Nb3 Rb8 37. b5 d4+ 38. Kc4 Qa4+ 39. Kc5 Qxb3 40. Rxe4 Qxb5+ 41. Kxd4 Qb4+ 42. Kd3 Rd8+ 43. Ke3 Qxe4+ 0-1

[Event "CAN-op"]
[Site "Toronto CAN"]
[Date "1983.07.16"]
[Round "9"]
[White "Pacey, Kevin"]
[Black "Ross, Dave"]
[Result "1-0"]
[WhiteElo "2056"]
[BlackElo "2248"]
[PlyCount "39"]
[GameId "2160767912810410"]
[EventDate "1983.07.09"]
[EventType "swiss"]
[EventRounds "10"]
[EventCountry "CAN"]
[SourceTitle "EXT 2022"]
[Source "ChessBase"]
[SourceDate "2021.10.06"]
[SourceVersion "1"]
[SourceVersionDate "2021.10.06"]
[SourceQuality "1"]

1. e4 c5 2. Nf3 d6 3. d4 cxd4 4. Nxd4 Nf6 5. Nc3 a6 6. Bc4 e6 7. Bb3 b5 8. O-O Be7 9. f4 Bb7 10. Bxe6 fxe6 11. Nxe6 Qb6+ 12. Kh1 Nxe4 13. Nxe4 Bxe4 14. Nxg7+ Kf7 15. Nf5 Bxf5 16. Qd5+ Be6 17. Qh5+ Kg8 18. Qe8+ Kg7 19. Qxe7+ Bf7 20. Be3 1-0

[Event "RA Sunday"]
[Site "Ottawa CAN"]
[Date "1983.05.08"]
[Round "4"]
[White "Ross, Dave"]
[Black "Veltmann, Martin"]
[Result "1-0"]
[WhiteElo "2248"]
[BlackElo "1949"]
[PlyCount "97"]
[GameId "2160767912810676"]
[EventDate "1983.05.08"]
[EventType "swiss"]
[EventRounds "5"]
[EventCountry "CAN"]

1. e4 e6 2. d4 d5 3. Nd2 Nf6 4. e5 Nfd7 5. Bd3 c5 6. c3 Nc6 7. Ngf3 Qb6 8. O-O cxd4 9. cxd4 Nxd4 10. Nxd4 Qxd4 11. Nf3 Qb6 12. Qa4 Qb4 13. Qc2 Qc5 14. Qe2 Be7 15. Be3 Qc7 16. Rac1 Qb8 17. a3 O-O 18. Bd4 b6 19. b4 a5 20. Rc2 axb4 21. axb4 h6 22. Bc3 Ra3 23. Rfc1 Bb7 24. Bb2 Ra2 25. Bb5 Rd8 26. Rc7 Rc8 27. Rxc8+ Bxc8 28. Qc2 Nf8 29. Qb3 Ra7 30. Nd4 Bd7 31. Bxd7 Rxd7 32. Nc6 Qb7 33. b5 Rc7 34. Bd4 Kh7 35. Qe3 Ng6 36. g3 Bc5 37. Bxc5 bxc5 38. Rxc5 Qb6 39. h4 Ne7 40. Qd3+ g6 41. Qc3 Nxc6 42. Rxc6 d4 43. Qf3 Qb7 44. Kg2 d3 45. Rxc7 Qxc7 46. Qxd3 Qxe5 47. Qc4 Kg7 48. b6 Kf6 49. Qf4+ 1-0

[Event "Eastern Ontario op"]
[Site "Ottawa CAN"]
[Date "1981.11.??"]
[Round "?"]
[White "Ross, Dave"]
[Black "Berry, Jonathan"]
[Result "1/2-1/2"]
[WhiteElo "2081"]
[BlackElo "2242"]
[PlyCount "137"]
[GameId "2160767912848996"]
[EventDate "1981.11.28"]
[EventType "swiss"]
[EventRounds "5"]
[EventCountry "CAN"]
[SourceTitle "CFC 1982.01"]

1. e4 d5 2. exd5 Nf6 3. d4 Nxd5 4. c4 Nb6 5. Nf3 Bg4 6. Be2 e6 7. O-O Nc6 8. b3 Bxf3 9. Bxf3 Nxd4 10. Bxb7 Rb8 11. Be3 c5 12. Be4 f5 13. Bd3 Be7 14. Nc3 O-O 15. Nb5 Nxb5 16. cxb5 f4 17. Bc1 Qd4 18. Qc2 f3 19. Bxh7+ Kh8 20. Be4 Qxa1 21. Bb2 Qxf1+ 22. Kxf1 fxg2+ 23. Kxg2 Nd5 24. Bxd5 exd5 25. Qe2 Rf7 26. Qh5+ Kg8 27. Qxd5 Rxb5 28. Qa8+ Bf8 29. Qd5 Rb6 30. Be5 Rg6+ 31. Kf1 Ra6 32. a4 Rb6 33. Ke2 Rbb7 34. f4 Rbd7 35. Qe4 Rd8 36. h4 Re8 37. Qd5 Be7 38. h5 Bf6 39. h6 gxh6 40. Qc6 Ree7 41. Qxc5 h5 42. Kd3 Bxe5 43. fxe5 Kg7 44. Qg1+ Kh7 45. Qg5 Re6 46. Qxh5+ Kg7 47. Ke4 Rb7 48. Kf5 Rbe7 49. Qg4+ Kf8 50. Qd4 Ke8 51. b4 Rxe5+ 52. Qxe5 Rxe5+ 53. Kxe5 Kd7 54. Kd5 Kc7 55. Kc5 Kb7 56. b5 Kc7 57. a5 Kb7 58. Kd6 a6 59. b6 Kb8 60. Kc6 Kc8 61. b7+ Kb8 62. Kd6 Kxb7 63. Kd7 Ka7 64. Kc7 Ka8 65. Kb6 Kb8 66. Kxa6 Ka8 67. Kb6 Kb8 68. a6 Ka8 69. a7 1/2-1/2

[Event "Quebec op"]
[Site "Montreal CAN"]
[Date "1981.08.08"]
[Round "7"]
[White "Ross, Dave"]
[Black "Bolduc, Steve"]
[Result "1-0"]
[WhiteElo "2097"]
[BlackElo "1941"]
[PlyCount "121"]
[GameId "2160767912849228"]
[EventDate "1981.08.02"]
[EventType "swiss"]
[EventRounds "8"]
[EventCountry "CAN"]
[SourceTitle "EXT 2022"]
[Source "ChessBase"]
[SourceDate "2021.10.06"]
[SourceVersion "1"]
[SourceVersionDate "2021.10.06"]
[SourceQuality "1"]

1. e4 e5 2. Nf3 d6 3. d4 Nf6 4. Nc3 Nbd7 5. Bc4 Be7 6. O-O O-O 7. a4 c6 8. b3 Nxe4 9. Nxe4 d5 10. Be2 dxe4 11. Nxe5 Nxe5 12. dxe5 Be6 13. Be3 Qc7 14. Qd4 Rad8 15. Qxe4 Bd5 16. Qf4 f6 17. c4 fxe5 18. Qg4 Bf7 19. a5 Bb4 20. Bxa7 Bxa5 21. Bc5 Rfe8 22. Be3 Bc3 23. Rad1 c5 24. Bd3 Bd4 25. Bg5 Rd6 26. Be4 b5 27. cxb5 Bxb3 28. Qh3 Bxd1 29. Qxh7+ Kf8 30. Rxd1 Qf7 31. Qh8+ Qg8 32. Qh5 c4 33. Bg6 Rxg6 34. Qxg6 Qf7 35. Qd6+ Kg8 36. Be3 Qe6 37. Qxe6+ Rxe6 38. Kf1 Rd6 39. Ke2 c3 40. Bxd4 exd4 41. Kd3 Kf7 42. Rb1 Kf6 43. b6 Rd8 44. b7 Rb8 45. Kxd4 c2 46. Rc1 Rxb7 47. Rxc2 Kf5 48. Ke3 Rb3+ 49. Ke2 g5 50. Rc5+ Kg4 51. h3+ Kh4 52. Rc4+ Kh5 53. Rd4 Rb2+ 54. Rd2 Rb3 55. Rd3 Rb4 56. Kf3 Kh4 57. Ke3 Kh5 58. g3 Rb1 59. Kf3 Rg1 60. Rd6 g4+ 61. hxg4+ 1-0

[Event "Ontario-ch 1980-81"]
[Site "Toronto CAN"]
[Date "1980.12.26"]
[Round "1"]
[White "Ross, Dave"]
[Black "Rohanchuk, Edward"]
[Result "1/2-1/2"]
[WhiteElo "2133"]
[BlackElo "1779"]
[PlyCount "136"]
[GameId "2160767912911513"]
[EventDate "1980.12.26"]
[EventType "tourn"]
[EventRounds "9"]
[EventCountry "CAN"]
[SourceTitle "EXT 97"]
[Source "ChessBase"]
[SourceDate "1997.11.17"]
[SourceVersion "1"]
[SourceVersionDate "1997.11.17"]
[SourceQuality "1"]

1. c4 Nf6 2. Nc3 e6 3. e4 d5 4. e5 Nfd7 5. d4 dxc4 6. Bxc4 c5 7. Nf3 Nc6 8. O-O cxd4 9. Nxd4 Ndxe5 10. Bb5 Bd7 11. Re1 Bc5 12. Nb3 Bb4 13. Qh5 Ng6 14. Bg5 Qc7 15. Nd5 Qd6 16. Rad1 Bxe1 17. Nf6+ gxf6 18. Rxd6 fxg5 19. Qd1 a6 20. Bf1 Bb4 21. Rxd7 Rd8 22. Rxd8+ Nxd8 23. Qd4 Be7 24. Nc5 Bxc5 25. Qxc5 h6 26. Qd6 Ne7 27. b4 f6 28. Bd3 Rg8 29. Bc4 Kf7 30. g3 h5 31. a4 f5 32. Qd7 Kf6 33. Be2 g4 34. Qd4+ Kf7 35. Qd7 Kf6 36. Bf1 Nec6 37. b5 axb5 38. axb5 Ne5 39. Qc8 Nf3+ 40. Kg2 h4 41. gxh4 Nxh4+ 42. Kh1 e5 43. Bc4 Rh8 44. Bd5 Nf3 45. Bxf3 gxf3 46. Qc3 Rh3 47. Qc7 Rh8 48. Qc8 Kg5 49. Kg1 e4 50. Qd7 Kg6 51. Qd6+ Kg5 52. h4+ Kh5 53. Qf6 Rg8+ 54. Kf1 Kg4 55. Ke1 f4 56. Kd2 e3+ 57. fxe3 fxe3+ 58. Kxe3 Re8+ 59. Kf2 Re2+ 60. Kf1 Ne6 61. h5 Ng5 62. Qg6 Kh4 63. Qh6 Rb2 64. Qg6 Re2 65. Qh6 Rb2 66. b6 Re2 67. Qf8 Kxh5 68. Qh8+ Kg6 1/2-1/2

[Event "Ontario-ch 1980-81"]
[Site "Toronto CAN"]
[Date "1980.12.28"]
[Round "3"]
[White "MacPhail, John"]
[Black "Ross, Dave"]
[Result "1/2-1/2"]
[WhiteElo "2242"]
[BlackElo "2133"]
[PlyCount "57"]
[GameId "2160767912911521"]
[EventDate "1980.12.26"]
[EventType "tourn"]
[EventRounds "9"]
[EventCountry "CAN"]
[SourceTitle "EXT 97"]
[Source "ChessBase"]
[SourceDate "1997.11.17"]
[SourceVersion "1"]
[SourceVersionDate "1997.11.17"]
[SourceQuality "1"]

1. e4 e5 2. Nf3 Nc6 3. Bb5 a6 4. Ba4 Nf6 5. O-O Nxe4 6. d4 b5 7. Bb3 Be7 8. Nxe5 Nxe5 9. dxe5 Bb7 10. Bd5 Qc8 11. a4 O-O 12. Re1 Nc5 13. Nc3 b4 14. Bxb7 Qxb7 15. Nd5 Bd8 16. Qd4 Ne6 17. Qc4 a5 18. b3 Ra6 19. Be3 Qc6 20. Qb5 Re8 21. f4 Nf8 22. Qd3 Qb7 23. Bf2 Ng6 24. Qf3 Qc6 25. Qd3 Qb7 26. Re4 Rae6 27. Rc4 d6 28. Qf3 Kh8 29. exd6 1/2-1/2

[Event "Ontario-ch 1980-81"]
[Site "Toronto CAN"]
[Date "1980.12.29"]
[Round "4"]
[White "Ross, Dave"]
[Black "Kaminker, Harry"]
[Result "0-1"]
[WhiteElo "2133"]
[BlackElo "2245"]
[PlyCount "81"]
[GameId "2160767912911525"]
[EventDate "1980.12.26"]
[EventType "tourn"]
[EventRounds "9"]
[EventCountry "CAN"]
[SourceTitle "EXT 97"]
[Source "ChessBase"]
[SourceDate "1997.11.17"]
[SourceVersion "1"]
[SourceVersionDate "1997.11.17"]
[SourceQuality "1"]

1. e4 e5 2. Nf3 Nc6 3. Bb5 a6 4. Ba4 d6 5. Bxc6+ bxc6 6. d4 f6 7. Be3 Bg4 8. Nc3 Nh6 9. Bxh6 gxh6 10. Qd3 Bg7 11. O-O-O Qd7 12. h3 Be6 13. g4 h5 14. d5 Bf7 15. Kb1 Bh6 16. Nh4 Bg5 17. Nf5 h4 18. Ng7+ Kf8 19. Nf5 Bg6 20. dxc6 Qxc6 21. Qd5 Qxd5 22. Nxd5 Bxf5 23. gxf5 Ra7 24. Rd3 Ke8 25. Rc3 Kd7 26. Rd1 Rb7 27. Ra3 Rhb8 28. b3 c6 29. Nc3 Ra7 30. Ra4 Rg8 31. Rg1 Raa8 32. Rb4 Kc7 33. Rc4 Bd2 34. Rxg8 Rxg8 35. Nd5+ Kb7 36. Nxf6 Rg1+ 37. Kb2 Rh1 38. Ng4 Bc1+ 39. Kc3 Rxh3+ 40. Kb4 h5 41. Nf6 0-1

[Event "Ontario-ch 1980-81"]
[Site "Toronto CAN"]
[Date "1980.12.30"]
[Round "5"]
[White "Nurmi, Peter"]
[Black "Ross, Dave"]
[Result "1-0"]
[WhiteElo "2296"]
[BlackElo "2133"]
[PlyCount "61"]
[GameId "2160767912911530"]
[EventDate "1980.12.26"]
[EventType "tourn"]
[EventRounds "9"]
[EventCountry "CAN"]
[SourceTitle "EXT 97"]
[Source "ChessBase"]
[SourceDate "1997.11.17"]
[SourceVersion "1"]
[SourceVersionDate "1997.11.17"]
[SourceQuality "1"]

1. e4 c5 2. Nf3 Nc6 3. Bb5 g6 4. O-O Bg7 5. Re1 e5 6. Bxc6 dxc6 7. d3 Qe7 8. Nbd2 Nh6 9. Nc4 f6 10. a4 Be6 11. b3 O-O 12. a5 Nf7 13. Ba3 Bh6 14. d4 exd4 15. Qxd4 b6 16. Qd3 Rfd8 17. Qe2 Nd6 18. Nxd6 Qxd6 19. e5 fxe5 20. Bb2 e4 21. Qxe4 Bd5 22. Qh4 Qf8 23. Ng5 bxa5 24. c4 Bxg2 25. Ne6 g5 26. Qg3 Qf5 27. Nxd8 Rxd8 28. Kxg2 Rd2 29. Bc3 Rc2 30. Rac1 Ra2 31. Re5 1-0

[Event "Ontario-ch 1980-81"]
[Site "Toronto CAN"]
[Date "1980.12.31"]
[Round "6"]
[White "Ross, Dave"]
[Black "Boyd, Stephen"]
[Result "1/2-1/2"]
[WhiteElo "2133"]
[BlackElo "2259"]
[PlyCount "72"]
[GameId "2160767912911533"]
[EventDate "1980.12.26"]
[EventType "tourn"]
[EventRounds "9"]
[EventCountry "CAN"]
[SourceTitle "EXT 97"]
[Source "ChessBase"]
[SourceDate "1997.11.17"]
[SourceVersion "1"]
[SourceVersionDate "1997.11.17"]
[SourceQuality "1"]

1. g3 g6 2. Bg2 Bg7 3. c4 e5 4. Nc3 Nc6 5. Rb1 d6 6. b4 f5 7. b5 Nd4 8. e3 Ne6 9. Nge2 Nf6 10. d4 O-O 11. O-O e4 12. Qc2 Ng5 13. Kh1 Kh8 14. Ng1 Be6 15. Nce2 d5 16. Nf4 Bf7 17. Ba3 Re8 18. h4 Ne6 19. Ngh3 Nxf4 20. Nxf4 dxc4 21. d5 Nxd5 22. Rfd1 a6 23. Bb2 Bxb2 24. Rxb2 Qd7 25. Bf1 axb5 26. Nxd5 Bxd5 27. Qc3+ Kg8 28. Rxb5 Qxb5 29. Rxd5 Qxd5 30. Bxc4 c6 31. Bxd5+ cxd5 32. Qb3 Re7 33. Qxd5+ Kg7 34. Qd4+ Kh6 35. a4 Rc8 36. Kg2 Rc6 1/2-1/2